00487nam a2200157Ia 4500008004100000020001500041082001500056100002200071245012000093250000700213260003100220300002900251500001900280600001500299650001500314240925s9999 xx 000 0 und d a1853837733 a658.15 HOL aHolloway, Richard 0aTowards Financial Self-reliance: a hand book on resource mobilization for civil society organizations in the south  aNA aLondon:bEarthscanc,2001. axxii,1076p.bNAfPirated aIncludes Index aManagement aManagement